[Event "BCF-ch"]
[Site "Blackpool"]
[Date "1971.??.??"]
[Round "7"]
[White "Penrose, Jonathan"]
[Black "Keene, Raymond D"]
[Result "0-1"]
[WhiteElo "2450"]
[BlackElo "2465"]

1.e4 g6 2.d4 Bg7 3.Nc3 d6 4.f4 Nf6 5.Nf3 O-O 6.Bd3 Nc6 7.h3 Nb4 8.Be3 b6
9.a3 Nxd3+ 10.cxd3 c5 11.Qd2 Ba6 12.Kf2 Rc8 13.Rhc1 Nd7 14.d5 e6 15.dxe6 fxe6
16.Re1 Nf6 17.Rad1 d5 18.exd5 exd5 19.d4 Ne4+ 20.Nxe4 dxe4 21.Ne5 g5 22.Kg1 gxf4
23.Bxf4 Qxd4+ 24.Qxd4 cxd4 25.g3 Rfe8 26.Rxe4 Rc5 27.Rde1 d3 28.Nf3 Rxe4
29.Rxe4 Bb7 30.Re3 d2 31.Nxd2 Bd4 32.Kf1 Ba6+ 33.Kg2 Bxe3 34.Bxe3 Rc2 35.b3 Bb7+
36.Kf1 Bd5 37.Ke1 Bxb3  0-1

[Event "Gothenburg"]
[Site "Gothenburg"]
[Date "1971.??.??"]
[Round "8"]
[White "Czerniak, Moshe"]
[Black "Szabo, Laszlo"]
[Result "0-1"]
[WhiteElo "2380"]
[BlackElo "2525"]

1.e4 g6 2.d4 Bg7 3.Nc3 d6 4.f4 a6 5.Nf3 b5 6.Bd3 Bb7 7.O-O Nc6 8.Be3 Nf6
9.d5 Nb8 10.Qe1 O-O 11.Rd1 Nbd7 12.Qh4 b4 13.Ne2 c6 14.dxc6 Bxc6 15.f5 gxf5
16.Ned4 Bxe4 17.Nxf5 Bxf5 18.Bxf5 e6 19.Bd3 Qa5 20.g4 d5 21.Nd2 h5 22.g5 Ng4
23.Qxh5 f5 24.gxf6 Ndxf6 25.Qh3 Qc7 26.Bg5 e5 27.Bf5 e4 28.Bxg4 Nxg4 29.Qxg4 Qb6+
30.Kg2 e3 31.Rxf8+ Rxf8 32.Nf3 d4 33.Bh4 Qc6 34.Bg3 Qxc2+ 35.Nd2 exd2 36.Qe6+ Kh7
37.Qe2 Qc6+ 38.Kh3 Qd7+ 39.Kg2 Qd5+ 40.Kh3 Bh6 41.Qd3+ Qf5+ 42.Qxf5+ Rxf5
43.Kg4 Rf7 44.h4 a5 45.h5 Rf8 46.Be5 Rc8  0-1

[Event "Hastings7172"]
[Site "Hastings"]
[Date "1971.??.??"]
[Round "1"]
[White "Mecking, Henrique"]
[Black "Keene, Raymond D"]
[Result "1-0"]
[WhiteElo "2540"]
[BlackElo "2465"]

1.e4 g6 2.d4 d6 3.Nc3 Bg7 4.f4 Nf6 5.Nf3 O-O 6.Bd3 Nc6 7.Be3 Ng4 8.Bg1 e5
9.fxe5 dxe5 10.d5 Ne7 11.h3 Nf6 12.Bh2 Nexd5 13.exd5 e4 14.O-O exd3 15.Qxd3 Bf5
16.Qc4 Ne8 17.Nd4 Bd7 18.Ne4 Nd6 19.Nxd6 cxd6 20.c3 Qb6 21.Qb3 Bb5 22.Rfd1 Rfd8
23.Kh1 Be8 24.Bg1 Qc7 25.Nb5 Bxb5 26.Qxb5 a6 27.Qb6 Qd7 28.Bh2 Bf8 29.c4 Rac8
30.b3 Re8 31.Re1 Re7 32.Rxe7 Qxe7 33.Bg3 Qg5 34.Bh2 Qe7 35.Bg3 Qg5 36.Bf2 Qf6
37.Bd4 Qe7 38.Bc3 Qd7 39.Qd4 f6 40.Qxf6 Bg7 41.Qxg7+ Qxg7 42.Bxg7 Kxg7 43.Re1  1-0

[Event "Hastings7172"]
[Site "Hastings"]
[Date "1971.??.??"]
[Round "4"]
[White "Gligoric, Svetozar"]
[Black "Keene, Raymond D"]
[Result "1/2-1/2"]
[WhiteElo "2600"]
[BlackElo "2465"]

1.d4 g6 2.e4 d6 3.Nc3 Bg7 4.f4 Nf6 5.Nf3 O-O 6.e5 dxe5 7.dxe5 Qxd1+ 8.Kxd1 Rd8+
9.Bd3 Ne8 10.Ke2 Nc6 11.Be4 f6 12.Bd5+ Kh8 13.Be3 Bg4  1/2-1/2

[Event "Hastings7172"]
[Site "Hastings"]
[Date "1971.??.??"]
[Round "6"]
[White "Unzicker, Wolfgang"]
[Black "Keene, Raymond D"]
[Result "1/2-1/2"]
[WhiteElo "2545"]
[BlackElo "2465"]

1.e4 g6 2.d4 d6 3.Nc3 Bg7 4.f4 Nc6 5.Nf3 Bg4 6.Be3 Bxf3 7.gxf3 d5 8.exd5 Nb4
9.Bb5+ Kf8 10.a3 Nxd5 11.Nxd5 Qxd5 12.Qe2 Nh6 13.c3 Nf5 14.Bc4 Qd6 15.Bd2 Bf6
16.O-O-O Kg7 17.Bd3 e6 18.Kb1 Rhe8 19.Rhe1 Qd7  1/2-1/2

[Event "Hastings7172"]
[Site "Hastings"]
[Date "1971.??.??"]
[Round "11"]
[White "Ciocaltea, Victor"]
[Black "Botterill, George Steven"]
[Result "1/2-1/2"]
[WhiteElo "2460"]
[BlackElo "2410"]

1.e4 g6 2.d4 Bg7 3.Nc3 d6 4.Be3 a6 5.Qd2 b5 6.f3 Bb7 7.Nh3 Nd7 8.Be2 c5 9.Nf2 cxd4
10.Bxd4 Ngf6 11.g4 h6 12.a3 Ne5 13.Nd5 Nxd5 14.exd5 O-O 15.f4 Nd7 16.Bxg7 Kxg7
17.h4 e5 18.g5 exf4 19.O-O-O Qe7 20.Bg4 Ne5 21.gxh6+ Kh7 22.Qxf4 f5 23.Be2 Rac8
24.Nh3 Nc4 25.h5 Qe3+ 26.Kb1 gxh5 27.Bxh5 Qxf4 28.Nxf4 Rg8 29.Bf7 Rg4 30.Nh5 Rg2
31.Nf6+ Kh8 32.Rdg1 Nd2+ 33.Ka2 Rxg1 34.Rxg1 Ne4 35.Nh5 Kh7 36.Nf4 Rf8 37.Bh5 Kxh6
38.Rg6+ Kh7 39.Re6 Bc8 40.Re7+ Kh6 41.Bf3 Kg5 42.Bxe4 Kxf4 43.Bd3 Kg3 44.c4 bxc4
45.Bxc4 f4 46.Rg7+ Kf2 47.Rg6 Rd8  1/2-1/2

[Event "CSR-ch"]
[Site "Luhacovice"]
[Date "1971.??.??"]
[Round "5"]
[White "Kostro, Jerzy"]
[Black "Liebert, Heinz"]
[Result "1-0"]
[WhiteElo "2385"]
[BlackElo "2420"]

1.e4 g6 2.d4 Bg7 3.Nc3 d6 4.Nf3 Nf6 5.Be2 O-O 6.O-O c6 7.h3 Nbd7 8.e5 dxe5
9.dxe5 Nd5 10.Nxd5 cxd5 11.Bf4 e6 12.Re1 Qc7 13.Bd3 b6 14.Qe2 Bb7 15.c3 Nc5
16.Bc2 a5 17.Nd4 a4 18.Qe3 Ba6 19.a3 Rae8 20.Rad1 Bc4 21.Rd2 b5 22.h4 Nd7
23.h5 g5 24.Bg3 Bh6 25.Nf3 Qd8 26.Bh4 Nxe5 27.Nxg5 Bxg5 28.Bxg5 f6 29.Bxf6  1-0

[Event "Mar del Plata"]
[Site "Mar del Plata"]
[Date "1971.??.??"]
[Round "14"]
[White "Browne, Walter S"]
[Black "Panno, Oscar"]
[Result "1/2-1/2"]
[WhiteElo "2500"]
[BlackElo "2570"]

1.e4 g6 2.d4 Bg7 3.Nc3 d6 4.f4 c6 5.Nf3 Bg4 6.Be3 Nf6 7.h3 Bxf3 8.Qxf3 Qa5
9.Bd3 Nbd7 10.O-O O-O 11.a3 Qc7 12.e5 Ne8 13.e6 fxe6 14.Qg4 Rf5 15.Bxf5 exf5
16.Qe2 d5 17.Bf2 Nf8 18.Rae1 e6 19.g3 Nd6 20.Nb1 Re8 21.c3 Nd7 22.Kg2 Nf6
23.Be3  1/2-1/2

[Event "Novy Smokovec"]
[Site "Novy Smokovec"]
[Date "1971.??.??"]
[Round "3"]
[White "Novak, Ivan"]
[Black "Balcerowski, Witold"]
[Result "1/2-1/2"]
[WhiteElo "2200"]
[BlackElo "2380"]

1.e4 d6 2.d4 g6 3.Nc3 Bg7 4.f4 Nf6 5.Nf3 O-O 6.e5 dxe5 7.dxe5 Qxd1+ 8.Kxd1 Ng4
9.Ke1 Rd8 10.Bc4 Nc6 11.h3 Nh6 12.g4 Na5 13.Bd3 c5 14.Kf2 b6 15.Rg1 Bb7 16.f5 Bxf3
17.Kxf3 Nc6 18.Re1 f6 19.fxg6 Nxe5+ 20.Rxe5 fxe5 21.gxh7+ Kh8 22.Be4 Rf8+
23.Ke2 Rad8 24.Bg5 Rd7 25.Nd5 Rf7 26.a4 e6 27.Nc3 Rf8 28.h4 a5 29.h5 Nf7
30.Be3 Bh6 31.Rf1 Bxe3 32.Kxe3 Rdd8 33.Rf6 Ng5 34.Rg6 Nxh7 35.Rh6 Rd7 36.g5 Kg8
37.Rg6+ Kh8 38.Rh6 Kg8 39.Rg6+ Kh8 40.Rh6  1/2-1/2

[Event "Novy Smokovec"]
[Site "Novy Smokovec"]
[Date "1971.??.??"]
[Round "6"]
[White "Privara, Igor"]
[Black "Jansa, Vlastimil"]
[Result "0-1"]
[WhiteElo "2200"]
[BlackElo "2450"]

1.e4 d6 2.d4 g6 3.Nc3 Bg7 4.Be3 c6 5.Qd2 b5 6.f3 Nd7 7.Nh3 Nb6 8.Nf2 Nf6
9.Bh6 Bxh6 10.Qxh6 Na4 11.Nxa4 bxa4 12.Bd3 Qb6 13.e5 dxe5 14.O-O exd4 15.Rfe1 Be6
16.Bxg6 O-O-O 17.Bd3 Rhg8 18.b3 a3 19.Qc1 Qa5 20.Ne4 Nd5 21.b4 Qxb4 22.Rb1 Qa5
23.Bc4 Nc7 24.Bxe6+ Nxe6 25.Rb3 Rd5 26.Rxa3 Qb6 27.Rb3 Rb5 28.Kh1 Rxb3 29.cxb3 Kb7
30.Nd2 Qb5 31.Ne4 Rd8 32.h3 d3 33.Qd2 a5 34.Re3 Qb4 35.Nc3 Qd4 36.Re4 Qxc3
37.Qxc3 d2 38.Qxa5 d1=Q+ 39.Kh2 Qd6+ 40.f4 Nd4  0-1

[Event "Novy Smokovec"]
[Site "Novy Smokovec"]
[Date "1971.??.??"]
[Round "11"]
[White "Vogt, Lothar"]
[Black "Balcerowski, Witold"]
[Result "0-1"]
[WhiteElo "2390"]
[BlackElo "2380"]

1.e4 d6 2.d4 g6 3.Nc3 Bg7 4.Be3 Nd7 5.Qd2 e5 6.O-O-O exd4 7.Bxd4 Ngf6 8.Be2 O-O
9.g4 c5 10.Be3 Qa5 11.Bh6 Nxe4 12.Nxe4 Qxa2 13.c3 Qa1+ 14.Kc2 Qa4+ 15.Kc1 Qxe4
16.Bxg7 Kxg7 17.Bf3 Qe7 18.h4 Ne5 19.h5 Bxg4 20.Bxg4 Nxg4 21.Qf4 Ne5 22.Nh3 Rae8
23.Qg3 h6 24.Rdg1 Qf6 25.f4 Nc4 26.Qh2 Qf5 27.Nf2 Re2  0-1

[Event "Novy Smokovec"]
[Site "Novy Smokovec"]
[Date "1971.??.??"]
[Round "12"]
[White "Gross, Stefan"]
[Black "Balcerowski, Witold"]
[Result "1-0"]
[WhiteElo "2200"]
[BlackElo "2380"]

1.e4 d6 2.d4 g6 3.Nc3 Bg7 4.Bg5 c5 5.Nge2 cxd4 6.Nxd4 Nc6 7.Nb3 Nf6 8.Be2 O-O
9.Qd2 a5 10.a4 Be6 11.O-O Qb6 12.Bb5 Bxb3 13.Be3 Qd8 14.cxb3 Ng4 15.Bg5 h6
16.Bf4 Nd4 17.Bc4 Ne5 18.Bxe5 dxe5 19.Kh1 e6 20.Ne2 Qb6 21.Nxd4 Rad8 22.Qc3 Rxd4
23.Rae1 Rfd8 24.Qe3 Qd6 25.g3 Rd2 26.Re2 Rd4 27.h4 h5 28.f4 exf4 29.gxf4 Rd1
30.Rxd1 Qxd1+ 31.Kh2 Rd4 32.Qf2 Bh6 33.f5 exf5 34.exf5 Rf4 35.Qg3 g5 36.hxg5 Rg4
37.Bxf7+ Kxf7 38.Qc7+ Kg8 39.Qc8+ Bf8 40.Qe6+ Kh8 41.Qf6+ Kg8 42.Qg6+ Kh8
43.Qxh5+  1-0

[Event "Hoogovens-B"]
[Site "Wijk aan Zee"]
[Date "1971.??.??"]
[Round "?"]
[White "Kostro, Jerzy"]
[Black "Forintos, Gyozo V"]
[Result "1/2-1/2"]
[WhiteElo "2380"]
[BlackElo "2500"]

1.e4 g6 2.d4 Bg7 3.Nc3 d6 4.Nf3 Nf6 5.Be2 O-O 6.O-O Bg4 7.Be3 Nc6 8.Qd2 e5
9.dxe5 dxe5 10.Rad1 Qe7 11.Bg5 Bxf3 12.Bxf3 Nd4 13.Nd5 Qd6 14.c3 Nxf3+ 15.gxf3 Nxd5
16.Qxd5 Qa6 17.Kg2 Bf6 18.Bxf6 Qxf6 19.Qxb7 Qg5+ 20.Kh1 Qf6 21.Kg2 Qg5+  1/2-1/2

[Event "Hoogovens-B"]
[Site "Wijk aan Zee"]
[Date "1971.??.??"]
[Round "?"]
[White "Hecht, Hans Joachim"]
[Black "Jansa, Vlastimil"]
[Result "1/2-1/2"]
[WhiteElo "2470"]
[BlackElo "2450"]

1.e4 d6 2.d4 g6 3.Nc3 Bg7 4.Be3 c6 5.Qd2 b5 6.f3 Nd7 7.h4 Ngf6 8.Nh3 Qc7
9.O-O-O Nb6 10.Bh6 Bxh6 11.Qxh6 b4 12.Ne2 Be6 13.Kb1 a5 14.Nhf4 Bc4 15.Nc1 a4
16.h5 g5 17.Qxg5 Rg8 18.Qf5 h6 19.Nfd3 b3 20.cxb3 axb3 21.axb3 Rg5 22.Qf4 Be6
23.Nc5 Qa7 24.Nxe6 fxe6 25.Qd2 c5 26.Bb5+ Kf8 27.Ne2 cxd4 28.Nxd4 Qa2+ 29.Kc2 Rc8+
30.Kd3 Rxb5 31.Nxb5 Qxb3+ 32.Nc3 Nc4 33.Qxh6+ Ke8 34.Rd2 Nxb2+ 35.Ke2 Rxc3
36.Kf2 Qb6+ 37.Kg3 Nxe4+ 38.Kh2 Nxd2 39.Qh8+ Kf7 40.Qxc3 Ndc4 41.h6 Qf2 42.Qg7+ Ke8
43.Qg3  1/2-1/2

[Event "Hoogovens-B"]
[Site "Wijk aan Zee"]
[Date "1971.??.??"]
[Round "?"]
[White "Adorjan, Andras"]
[Black "Jansa, Vlastimil"]
[Result "1-0"]
[WhiteElo "2460"]
[BlackElo "2450"]

1.e4 d6 2.d4 g6 3.Nc3 Bg7 4.f4 c6 5.Nf3 Bg4 6.Be3 Qb6 7.Qd2 Bxf3 8.gxf3 Nd7
9.O-O-O Qa5 10.Bc4 b5 11.Bb3 Nb6 12.f5 b4 13.Ne2 Qb5 14.Qd3 Qxd3 15.cxd3 gxf5
16.Rhg1 Bf6 17.Nf4 a5 18.Nh5 a4 19.Bc2 Ra5 20.d5 c5 21.d4 f4 22.Bf2 Bxd4
23.Rxd4 cxd4 24.Bxd4 Nf6 25.Nxf6+ exf6 26.Bxf6 Ra8 27.Bd4 Ke7 28.Bd3 Rhg8
29.Rxg8 Rxg8 30.Bf1 Rg5 31.Kd2 h5 32.Kd3 Rg8 33.Bh3 f5 34.e5 Rd8 35.Bxf5 dxe5
36.Bc5+ Kf6 37.Be4 Rg8 38.h4 a3 39.bxa3 bxa3 40.d6 Ke6 41.Bxa3 Rg6 42.Bc6 e4+
43.Kd4 Rg1 44.Bd5+ Kd7 45.fxe4 Rd1+ 46.Ke5 f3 47.Bc5 Rd2 48.Kf6 Re2 49.Kg5 Rc2
50.Be6+ Kc6 51.d7 Rd2 52.Be3  1-0

[Event "BCF-ch"]
[Site "Brighton"]
[Date "1972.08.16"]
[Round "3"]
[White "Bellin, Robert"]
[Black "Keene, Raymond D"]
[Result "1/2-1/2"]
[WhiteElo "2315"]
[BlackElo "2435"]

1.e4 g6 2.d4 d6 3.Nc3 Bg7 4.f4 Nf6 5.Nf3 O-O 6.Bd3 Nc6 7.O-O Bg4 8.e5 dxe5
9.dxe5 Nd5 10.h3 Nxc3 11.bxc3 Bf5 12.Be3 Qd5 13.Bxf5 Qxd1 14.Rfxd1 gxf5 15.Nd4 Nxd4
16.cxd4 e6 17.Rab1 b6 18.Rb3 Rfd8  1/2-1/2

[Event "BCF-ch"]
[Site "Brighton"]
[Date "1972.08.22"]
[Round "8"]
[White "Hartston, William R"]
[Black "Keene, Raymond D"]
[Result "1/2-1/2"]
[WhiteElo "2420"]
[BlackElo "2435"]

1.e4 g6 2.d4 d6 3.Nc3 Bg7 4.Be3 a6 5.f3 Nd7 6.Qd2 b5 7.Nh3 Bb7 8.Be2 c5 9.d5 Ngf6
10.Bh6 O-O 11.Bxg7 Kxg7 12.a4 Qb6 13.O-O c4+ 14.Kh1 Rfc8 15.Na2 Nc5 16.axb5 axb5
17.Nb4 Rxa1 18.Rxa1 Ra8 19.Rxa8 Bxa8 20.c3 Nb3 21.Qe1 Qe3 22.Nc2 Qa7  1/2-1/2

[Event "BCF-ch"]
[Site "Brighton"]
[Date "1972.08.24"]
[Round "10"]
[White "Penrose, Jonathan"]
[Black "Keene, Raymond D"]
[Result "1/2-1/2"]
[WhiteElo "2450"]
[BlackElo "2435"]

1.e4 g6 2.d4 d6 3.Nc3 Bg7 4.f4 Nf6 5.Nf3 O-O 6.Be2 c5 7.dxc5 Qa5 8.O-O Qxc5+
9.Kh1 Nc6 10.Bd3 Bg4 11.Qe1 Rac8 12.Be3 Qa5 13.Qg3 Bxf3 14.Qxf3 Nd7 15.Bd2 Nc5
16.a3  1/2-1/2

[Event "Islington op"]
[Site "Islington"]
[Date "1972.12.16"]
[Round "4"]
[White "Richardson, Keith B"]
[Black "Sommerville, Johann"]
[Result "1-0"]
[WhiteElo "2328"]
[BlackElo "2184"]

1.e4 g6 2.d4 Bg7 3.Nc3 d6 4.Nf3 Nf6 5.Be2 O-O 6.Bf4 b6 7.O-O c5 8.d5 Ba6
9.Re1 Qc8 10.Bxa6 Nxa6 11.Qd2 Ng4 12.h3 Ne5 13.Nxe5 dxe5 14.Bh6 Nc7 15.Bxg7 Kxg7
16.f4 exf4 17.Qxf4 Qd7 18.Rad1 Rad8 19.e5 e6 20.Qf6+  1-0

[Event "Islington op"]
[Site "Islington"]
[Date "1972.12.17"]
[Round "5"]
[White "Bellin, Robert"]
[Black "Richardson, Keith B"]
[Result "1-0"]
[WhiteElo "2328"]
[BlackElo "2328"]

1.e4 g6 2.d4 Bg7 3.Nc3 d6 4.f4 c6 5.Be3 Qb6 6.Rb1 e5 7.fxe5 dxe5 8.Nf3 Ne7
9.Qd2 exd4 10.Nxd4 Qd8 11.Bc4 O-O 12.O-O c5 13.Ndb5 Qxd2 14.Bxd2 Nbc6 15.Nd6 Ne5
16.Bd5 Nxd5 17.Nxd5 Be6 18.Bg5 Bxd5 19.exd5 f6 20.Bf4 b6 21.Bxe5 fxe5 22.Ne4 Rxf1+
23.Rxf1 Rf8 24.Rxf8+ Kxf8 25.c4 Ke7 26.Kf2 Bh6 27.Kf3 Bf8 28.b3 h5 29.h4 Bh6
30.g4 hxg4+ 31.Kxg4 Be3 32.Kf3 Bh6 33.Ng5 Bxg5 34.hxg5 Kd7 35.Ke4 Kd6 36.a3  1-0

[Event "IBM-B"]
[Site "Amsterdam"]
[Date "1972.??.??"]
[Round "11"]
[White "Hennings, Artur"]
[Black "Eising, Johannes"]
[Result "1/2-1/2"]
[WhiteElo "2475"]
[BlackElo "2350"]

1.e4 g6 2.d4 Bg7 3.Nc3 d6 4.Nf3 Nf6 5.Be2 O-O 6.O-O c6 7.h3 b5 8.a3 a6 9.Bf4 Bb7
10.e5 Ne8 11.Qc1 Nd7 12.Qe3 Nb6 13.Rad1 Nc7 14.Bh6 Ncd5 15.Nxd5 cxd5 16.Rfe1 Rc8
17.c3 Nc4 18.Bxc4 dxc4 19.Nh2 f5 20.exf6 exf6 21.Ng4 f5 22.Bg5 Qc7 23.Nh6+ Kh8
24.h4 Bd5 25.h5 gxh5 26.Qh3 Bxh6 27.Bxh6 Rg8 28.f3 Qf7 29.Bf4 Rg6 30.Kf1 Rcg8
31.Rd2 Re6 32.Rxe6 Qxe6 33.Re2 Qg6 34.Qh2 Rd8 35.Kf2 Rd7 36.Qh4 Be6 37.d5 Bxd5
38.Re7 Rxe7 39.Qxe7 h6 40.Bxd6 Qf7 41.Qe3 Kh7 42.Qb6 Qb7 43.Qd8 Qa7+ 44.Kf1 Qf7
45.Be5 Kg6 46.Kf2 Qe6 47.Qh8 h4 48.Bf4 Kh5 49.Qf8 Qb6+ 50.Kf1 Qe6 51.Kf2 Qb6+
52.Be3  1/2-1/2

[Event "WchT U26"]
[Site "Graz"]
[Date "1972.??.??"]
[Round "4"]
[White "Weichert, Helmut"]
[Black "Vadasz, Laszlo"]
[Result "1-0"]
[WhiteElo "2200"]
[BlackElo "2380"]

1.e4 g6 2.d4 Bg7 3.Nc3 d6 4.f4 Nf6 5.Nf3 O-O 6.Bd3 Nc6 7.e5 dxe5 8.fxe5 Ng4
9.Be4 f6 10.h3 Nh6 11.exf6 exf6 12.O-O Ne7 13.Re1 Nf7 14.Qe2 Nf5 15.Qf2 c6
16.d5 Bd7 17.dxc6 bxc6 18.Bf4 Qc8 19.Qc5 Rd8 20.Rad1 Bf8 21.Qa5 N5d6 22.Bd3 Qb7
23.Na4 Rab8 24.a3 Qa8 25.Ba6 c5 26.Nxc5 Rxb2 27.Nxd7 Rxd7 28.Qa4 Qd8 29.Bc4 Rbb7
30.Be6 Rdc7 31.Qd4 Kh8 32.c4 Re7 33.c5  1-0

[Event "WchT U26"]
[Site "Graz"]
[Date "1972.??.??"]
[Round "8"]
[White "Urzica, Aurel"]
[Black "Vadasz, Laszlo"]
[Result "0-1"]
[WhiteElo "2260"]
[BlackElo "2380"]

1.e4 g6 2.d4 Bg7 3.Nc3 d6 4.f4 Nf6 5.Nf3 O-O 6.e5 dxe5 7.dxe5 Qxd1+ 8.Kxd1 Rd8+
9.Bd3 Ne8 10.Ke2 f6 11.Bc4+ Kh8 12.e6 Nc6 13.a3 f5 14.Be3 Bf6 15.Na4 Ng7
16.Nc5 b6 17.Bb5 bxc5 18.Bxc6 Rb8 19.Rad1 Nxe6 20.b4 Ba6+ 21.Kf2 cxb4 22.Bxa7 Rxd1
23.Rxd1 Rd8 24.Rxd8+ Nxd8 25.Bd5 bxa3 26.Bc5 Bb7 27.Ba2 Be4 28.c4 Ne6 29.Be3 Bb2
30.Ne5 Nd4 31.g3 Kg7 32.Kf1 e6 33.c5 Bd5 34.Nc4 Nc2 35.Bd2 Bd4 36.Ke2 Bxc5
37.Bc3+ Kg8 38.Kd2 Ne3  0-1

[Event "WchT U26"]
[Site "Graz"]
[Date "1972.??.??"]
[Round "9"]
[White "Juhnke, Juergen"]
[Black "Perkins, Alan H"]
[Result "0-1"]
[WhiteElo "2280"]
[BlackElo "2305"]

1.e4 g6 2.d4 Bg7 3.Nc3 d6 4.f4 c6 5.Nf3 Bg4 6.Be3 d5 7.e5 f5 8.h3 Bxf3 9.Qxf3 e6
10.g4 Ne7 11.Bd3 Nd7 12.Bf2 Qb6 13.O-O-O O-O-O 14.Kb1 Kb8 15.Ne2 Ka8 16.Bh4 Rde8
17.Rhg1 Bf8 18.c4 dxc4 19.Bxc4 Nd5 20.Bxd5 cxd5 21.gxf5 gxf5 22.Rc1 Be7 23.Rg7 Nxe5
24.fxe5 Bxh4 25.Qh5 Bf2 26.Rxh7 Rhg8 27.Rhc7 a6 28.Qf7 Rb8 29.R7c5 Rg2 30.b3 Be3
31.R1c2 Bxd4 32.Rc8 Bxe5 33.Qe8 Ka7 34.Qd7 Rxc8 35.Qxc8 Rh2 36.Nc3 Rxc2 37.Kxc2 Qc6
38.Qxc6 bxc6 39.Kd3 Kb7 40.Na4 Bd6 41.h4 c5  0-1

[Event "Las Palmas"]
[Site "Las Palmas"]
[Date "1972.??.??"]
[Round "14"]
[White "Valcarcel, J."]
[Black "Lehmann, Heinz Dr"]
[Result "1/2-1/2"]
[WhiteElo "2200"]
[BlackElo "2395"]

1.d4 g6 2.e4 Bg7 3.Nc3 d6 4.f4 Nf6 5.Nf3 O-O 6.Bd3 Na6 7.O-O c5 8.d5 Nc7
9.a4 a6 10.Qe1 Bd7 11.a5 Bb5 12.Qh4 Bxd3 13.cxd3 e6 14.dxe6 fxe6 15.Bd2 Nh5
16.Qxd8 Raxd8 17.g3 Nf6 18.Rab1 Nd7 19.Rfc1 Rc8 20.Be3 Rfd8 21.Bf2 Nb8 22.Na4 Nc6
23.Nb6 Rb8 24.Kf1 Nb5 25.Nc4 Rbc8 26.Ke2 Rc7 27.e5 dxe5 28.fxe5 Ncd4+ 29.Bxd4 Nxd4+
30.Nxd4 Rxd4 31.b4 Rd5 32.bxc5 Rdxc5 33.Rb6 Rxe5+ 34.Nxe5 Rxc1 35.Nc4 Rc2+
36.Kf3 Rxh2 37.Rxb7 Ra2 38.Ra7 Rf2+ 39.Ke3 Rg2 40.Kf3 Ra2 41.Rxa6 Kf7 42.Ra7+ Kg8
43.a6 h5 44.Nd6 g5 45.Ra8+ Kh7 46.a7 g4+ 47.Kf4 Ra4+ 48.Ne4 Kg6 49.Re8 e5+
50.Ke3 Rxa7 51.Re6+ Kf7 52.Ng5+ Kf8 53.Ke4 Rd7 54.Kf5 Rxd3 55.Kg6 Rd8 56.Kxh5 Kg8
57.Kxg4 Bf8 58.Rxe5 Bg7 59.Re6 Rf8 60.Kh5 Rf6 61.Re8+ Rf8 62.Re4 Rf6 63.Ra4 Rh6+
64.Kg4 Rf6 65.Ra7 Bh6 66.Ne4 Rf7 67.Ra8+ Kh7 68.Ra6 Bc1 69.Rc6 Be3 70.Nf6+ Kg7
71.Nd5 Bd2 72.Rc2 Bh6 73.Kh4 Rd7 74.Nc7 Rd2 75.Rc6 Be3 76.g4 Kf7 77.Kg3 Rd1
78.Kf3 Rc1  1/2-1/2

[Event "URS-chT Moscow"]
[Site "Moscow"]
[Date "1972.??.??"]
[Round "?"]
[White "Ivanov, Alexander"]
[Black "Kozlov, V."]
[Result "1/2-1/2"]
[WhiteElo "2380"]
[BlackElo "2360"]

1.e4 g6 2.d4 Bg7 3.Nc3 d6 4.Be3 c6 5.Qd2 b5 6.f3 Nd7 7.Nh3 Nb6 8.Nf2 Rb8
9.b3 a5 10.Bd3 Nf6 11.O-O O-O 12.Ne2 a4 13.Bh6 e5 14.Bxg7 Kxg7 15.f4 Nbd7
16.bxa4 bxa4 17.Qc3 Qc7 18.Rab1 Rxb1 19.Rxb1 c5 20.fxe5 dxe5 21.d5 Qa7 22.Qc4 Bb7
23.Nc3 Ra8 24.Nb5 Qa5 25.Qc3 Qxc3 26.Nxc3 Ba6 27.Bxa6 Rxa6 28.Rb7 Rb6 29.Rxb6 Nxb6
30.Nd3 Nfd7 31.a3 Nc4 32.Nxa4 Nxa3 33.Naxc5 Nxc5 34.Nxc5 Nxc2 35.Kf2 Nd4
36.Ke3 Nb5 37.Nb7 Kf8 38.Kd3 Ke7 39.Kc4 Nd6+ 40.Nxd6 Kxd6 41.g4 h6 42.h3 f6
43.h4 h5 44.gxh5  1/2-1/2

[Event "URS-chT Moscow"]
[Site "Moscow"]
[Date "1972.??.??"]
[Round "?"]
[White "Makarichev, Sergey"]
[Black "Gedevanishvili, Dmitry"]
[Result "1/2-1/2"]
[WhiteElo "2400"]
[BlackElo "2200"]

1.e4 g6 2.d4 Bg7 3.Nc3 d6 4.f4 Nf6 5.Nf3 O-O 6.e5 dxe5 7.dxe5 Qxd1+ 8.Kxd1 Nh5
9.Ke1 Nc6 10.Bb5 f6 11.exf6 Nxf6 12.Bxc6 bxc6 13.Kf2 Bf5 14.Re1 Rae8 15.Ne5 Bxc2
16.Nxc6 e5 17.Nxe5 g5 18.Nf3 Rxe1 19.Nxe1 Bg6 20.Nf3 gxf4 21.Bxf4 Ne4+ 22.Nxe4 Rxf4
23.Nc3 Rb4 24.Nd1 Bxb2 25.Nxb2 Rxb2+ 26.Kg3 Rb1 27.Rxb1 Bxb1 28.a3 Kf7 29.Kf4 Kf6  1/2-1/2

[Event "Rubinstein mem"]
[Site "Polanica Zdroj"]
[Date "1972.??.??"]
[Round "10"]
[White "Sznapik, Aleksander"]
[Black "Razuvaev, Yuri S"]
[Result "0-1"]
[WhiteElo "2365"]
[BlackElo "2490"]

1.e4 g6 2.d4 Bg7 3.Nc3 d6 4.f4 Nc6 5.Be3 Nf6 6.Be2 O-O 7.Nf3 Ng4 8.Bg1 e5
9.fxe5 dxe5 10.d5 Ne7 11.h3 Nf6 12.g4 a6 13.Qd3 b5 14.O-O-O Qd6 15.g5 Nh5
16.Bh2 Bd7 17.Qe3 b4 18.Nb1 Nf4 19.Nbd2 Bb5 20.Nc4 Bxc4 21.Bxc4 Nc8 22.Nd2 Nb6
23.Be2 a5 24.h4 a4 25.Kb1 a3 26.b3 Nbxd5 27.exd5 Nxd5 28.Nc4 Nxe3 29.Rxd6 Nxc4
30.Rc6 Nd2+ 31.Kc1 Ne4 32.Bf3 Nc3 33.Rxc3 bxc3 34.Bxa8 Rxa8 35.Re1 Re8 36.Re4 Rd8
37.Bg3 f5 38.gxf6 Bh6+  0-1

[Event "Rubinstein mem"]
[Site "Polanica Zdroj"]
[Date "1972.??.??"]
[Round "12"]
[White "Myagmarsuren, Lhamsuren"]
[Black "Razuvaev, Yuri S"]
[Result "1/2-1/2"]
[WhiteElo "2380"]
[BlackElo "2490"]

1.e4 g6 2.d4 Bg7 3.Nc3 d6 4.Nf3 Nf6 5.Be2 O-O 6.O-O Nc6 7.h3 e5 8.dxe5 dxe5
9.Bg5 Be6 10.Qc1 Qe7 11.Rd1 Rad8 12.Nd5 Bxd5 13.exd5 Nb4 14.c4 a5 15.Qd2 b6
16.a3  1/2-1/2

[Event "Sarajevo"]
[Site "Sarajevo"]
[Date "1972.??.??"]
[Round "4"]
[White "Keres, Paul"]
[Black "Kosanski, Stanko"]
[Result "1/2-1/2"]
[WhiteElo "2600"]
[BlackElo "2385"]

1.e4 g6 2.d4 Bg7 3.Nc3 d6 4.Nf3 Nf6 5.e5 dxe5 6.Nxe5 O-O 7.Bc4 c5 8.dxc5 Qa5
9.O-O Qxc5 10.Qe2 Nh5 11.Ng4 Nc6 12.Ne4 Bxg4 13.Nxc5 Bxe2 14.Bxe2 Nd4 15.Bd1 Rfc8
16.c3 Rxc5 17.g4 Nf6 18.cxd4 Rb5 19.Bf3 Rd8 20.Rd1 Nd5  1/2-1/2

[Event "Skopje ol (Men) fin-C"]
[Site "Skopje"]
[Date "1972.??.??"]
[Round "1"]
[White "Campos Lopez, Mario"]
[Black "German, Eugenio Maciel"]
[Result "1-0"]
[WhiteElo "2200"]
[BlackElo "2200"]

1.e4 g6 2.d4 Bg7 3.Nc3 d6 4.f3 c6 5.Be3 b5 6.Qd2 Nd7 7.Nh3 Nb6 8.Nf2 Rb8
9.Be2 f5 10.O-O Nf6 11.Bh6 O-O 12.Bxg7 Kxg7 13.a4 b4 14.Ncd1 a5 15.Bd3 fxe4
16.fxe4 c5 17.c3 e5 18.Ne3 Qc7 19.dxe5 dxe5 20.c4 Qd7 21.Nd5 Qd6 22.b3 Rb7
23.Qe3 Rbf7 24.Be2 Be6 25.h3 Nbd7 26.Rad1 Bxd5 27.cxd5 Nb6 28.Rc1 Rc7 29.Bb5 Rfc8
30.Bc6 Rxc6 31.dxc6 Qxc6 32.Nd3 Nbd7 33.Rc4 Ne8 34.Nxc5 Nxc5 35.Rfc1 Qb6
36.Rxc5 Rc6 37.Qg5 Re6 38.Kh1 h6 39.Qg3 Nd6 40.Qd3 h5 41.Rc7+ Nf7 42.R1c5 Rd6
43.Qf1 Rf6 44.Qc4 Kh8 45.Kh2 h4 46.Qb5 Qe6 47.R7c6 Nd6 48.Rxd6 Qxd6 49.Qe8+  1-0

[Event "Skopje ol (Men) prel"]
[Site "Skopje"]
[Date "1972.??.??"]
[Round "1"]
[White "Sarapu, Ortvin"]
[Black "Sigurjonsson, Gudmundur"]
[Result "1/2-1/2"]
[WhiteElo "2340"]
[BlackElo "2480"]

1.e4 g6 2.Nc3 Bg7 3.d4 d6 4.f4 Nf6 5.Nf3 O-O 6.Bd3 Nc6 7.e5 dxe5 8.dxe5 Nd5
9.O-O Nxc3 10.bxc3 f6 11.Qe2 fxe5 12.Nxe5 Nxe5 13.fxe5 Rxf1+ 14.Kxf1 Be6
15.Ba3 Qd7 16.Kg1 Rd8 17.Qe3 b6 18.Re1 c5 19.c4 Qa4 20.Qg5 Rd7 21.Bc1 Qxa2
22.Bxg6 hxg6 23.Qxg6 Qxc4  1/2-1/2

[Event "Skopje ol (Men) fin-D"]
[Site "Skopje"]
[Date "1972.??.??"]
[Round "1"]
[White "Sursock, Sameer"]
[Black "Ben Larbi"]
[Result "1/2-1/2"]
[WhiteElo "2200"]
[BlackElo "2220"]

1.e4 g6 2.d4 Bg7 3.Nc3 d6 4.f4 Nf6 5.Nf3 c5 6.dxc5 Qa5 7.Bd3 Qxc5 8.Qe2 Qb6
9.Nb5 a6 10.Be3 Qa5+ 11.Nc3 Ng4 12.Bd2 O-O 13.Nd5 Qd8 14.c3 Nc6 15.O-O e6
16.Ne3 e5 17.Nd5 exf4 18.Bxf4 Nge5 19.Bc2 Bg4 20.Qf2 Be6 21.Rae1 Nxf3+ 22.Qxf3 Ne5
23.Qg3 Bxd5 24.exd5 Qb6+ 25.Rf2 Qb5 26.Rd1 Rac8 27.Bb1 Rc5 28.Bxe5 Bxe5 29.Qd3  1/2-1/2

[Event "Skopje ol (Men) prel"]
[Site "Skopje"]
[Date "1972.??.??"]
[Round "2"]
[White "Sutton, Richard John"]
[Black "Todorcevic, Miodrag"]
[Result "1-0"]
[WhiteElo "2200"]
[BlackElo "2450"]

1.e4 g6 2.d4 Bg7 3.Nc3 d6 4.f4 Nf6 5.Nf3 O-O 6.Bd3 Nc6 7.Be3 e5 8.fxe5 dxe5
9.d5 Nd4 10.Nxe5 Nxd5 11.Bxd4 Nf4 12.Bc4 Nxg2+ 13.Kf2 Qh4+ 14.Kxg2 Bh3+ 15.Kg1 Rad8
16.Bd5 Qg5+ 17.Kf2 c5 18.Bxc5 Bxe5 19.Rg1 Qh4+ 20.Rg3 Be6 21.Qf3 Bxd5 22.exd5 Rfe8
23.Kg2 b6 24.Bf2 Bxg3 25.hxg3 Qb4 26.Rf1 f5 27.Qd3 Qxb2 28.d6 Re6 29.Qc4 Rxd6
30.Rd1 Rc6 31.Qd5 Qxc3 32.Qd8+  1-0

[Event "Skopje ol (Men) fin-C"]
[Site "Skopje"]
[Date "1972.??.??"]
[Round "2"]
[White "Levy, David Neil Lawrence"]
[Black "Williams, Arthur H"]
[Result "1/2-1/2"]
[WhiteElo "2350"]
[BlackElo "2390"]

1.e4 g6 2.d4 d6 3.Nc3 Bg7 4.f4 c6 5.Bc4 d5 6.exd5 b5 7.Bb3 b4 8.Nce2 cxd5
9.Nf3 Nf6 10.O-O O-O 11.Ng3 a5 12.c3 Ba6 13.Re1 e6 14.Bc2 Nc6 15.Ne5 Ne7
16.Re3 Qb6 17.Nf1 Rac8 18.g4 Rfe8 19.Ng3 Ne4 20.Nxe4 dxe4 21.Bxe4 f6 22.Nf3 Nd5
23.Bxd5 exd5 24.Qe1 Re4 25.Nd2 Rxe3 26.Qxe3 Qc6 27.Nb3 Re8 28.Qf3 Re1+ 29.Kg2 Re2+
30.Kg1 Re1+  1/2-1/2